| 000 | 00734nam a2200133Ia 4500 | ||
|---|---|---|---|
| 008 | 171212s9999 xx 000 0 und d | ||
| 020 | _a9780833026569 | ||
| 100 | _aRonfeldt, David;Arquilla, John;Fuller, Graham;Fuller, Melissa | ||
| 245 |
_cRonfeldt, David;Arquilla, John;Fuller, Graham;Fuller, Melissa _aThe Zapatista "Social Netwar" in Mexico |
||
| 260 |
_bRAND Corporation _c1998 |
||
| 650 | _aChiapas (Mexico) -- History -- Peasant Uprising, 1994 -- Propaganda; Ejercito Zapatista de Liberacion Nacional (Mexico) -- Public opinion; Mexico -- Military policy; National security -- Mexico; Internet (Computer network) -- Social aspects -- Mexico; Inf | ||
| 650 | _aPolitical Science | ||
| 856 | _uwww.jstor.org/stable/10.7249/mr994a | ||
| 999 |
_c352739 _d352739 |
||